Power system restoration: methodologies and implementation strategies
Guardat en:
| Autor principal: | |
|---|---|
| Format: | Llibre |
| Idioma: | anglès |
| Publicat: |
Nueva York
The Institute of Electrical and Electronics Engineers
2000
|
| Col·lecció: | IEEE Press Series on Power Engineering
|
| Matèries: | |
| Etiquetes: |
Afegir etiqueta
Sense etiquetes, Sigues el primer a etiquetar aquest registre!
|
MARC
| LEADER | 00000nam a2200000 a 4500 | ||
|---|---|---|---|
| 001 | UCN7881 | ||
| 003 | CL-VaPUC | ||
| 008 | 011026e20000000US |||||||||||||||||eng|d | ||
| 082 | 0 | 4 | |a 621.310288 |b ADI |2 21 |
| 100 | 0 | |a Adibi, M. M |e author |9 464099 | |
| 245 | 1 | 0 | |a Power system restoration: methodologies and implementation strategies |
| 300 | |a 690 p | ||
| 942 | |c BK | ||
| 945 | |d 20011026 00:00:00 |a cmena | ||
| 260 | |a Nueva York |b The Institute of Electrical and Electronics Engineers |c 2000 | ||
| 650 | 7 | |a SISTEMAS ELECTRICOS |2 CL-VaPUC |9 355342 | |
| 650 | 7 | |a FALLAS DE SISTEMAS ELECTRICOS |2 CL-VaPUC |9 464100 | |
| 650 | 7 | |a MANTENCION Y REPARACION |2 CL-VaPUC |9 464101 | |
| 650 | 7 | |a EMERGENCIAS |2 CL-VaPUC |9 464102 | |
| 583 | |a last modification |c 20011026 00:00:00 |k Rodrigo Vera | ||
| 490 | 0 | |a IEEE Press Series on Power Engineering | |
| 999 | |c 298072 |d 298070 | ||
| 952 | |0 0 |1 0 |4 0 |6 621_310288000000000_ADI_2000 |7 0 |8 A |9 353405 |a BIBING |b BIBING |d 2019-11-21 |i 3768287 |o 621.310288 ADI 2000 |p 3768287 |r 2025-01-20 |w 2019-11-21 |y BK |k EIE | ||